00453nam a2200157Ia 4500008004100000020001500041082001600056100001900072245004100091250000700132260004300139300002300182500001900205600002100224650005000245240925s9999 xx 000 0 und d a8170294479 a005.133 PAR aParsons, David 0aObject Oriented Programming with C++ aNA aGosport:bAshford Colour Pressc,2000. a408p.b0fOriginal aIncludes Index aComputer Science aComputer science, information & general works